• Liszt Franz

di Personal Name

Records bibliografici associati: 1

001 - CONTROL NUMBER

  • control field: 7465

003 - CONTROL NUMBER IDENTIFIER

  • control field: IT-RoPau

005 - DATE AND TIME OF LATEST TRANSACTION

  • control field: 20140104114727.0

008 - FIXED-LENGTH DATA ELEMENTS

  • fixed length control field: 140104|| aca||aabn | a|a d

040 ## - CATALOGING SOURCE

  • Original cataloging agency: IT-RoPau
  • Transcribing agency: IT-RoPau

100 ## - HEADING--PERSONAL NAME

  • Personal name: Liszt Franz
  • Dates associated with a name: Codice autore musica SPICS: 10789
  • Relator term: Autore musica
  • Name of part/section of a work: Sogno d'amore

670 ## - SOURCE DATA FOUND

  • Source citation: Work cat.: (IT-RoPau)102318: AA.VV. 794, Grandi classici vol. 1 (Lp Dp 39009)
CREDITS: SOCIETA' SAN PAOLO Via A.Severo, 58 - ROMA (RM) & PERIODICI SAN PAOLO SRL Via Giotto, 36 MILANO & CISF Via Giotto, 36 MILANO & EDIZIONI SAN PAOLO SRL,  Piazza Soncino, 5 CINISELLO BALSAMO (MI) -- ITALY